000 00305nam a2200133Ia 4500
008 240624s9999 xx 000 0 und d
041 _aeng
082 _a823 JOY
100 _aJOYCE JAMES
245 _aULYSSES
260 _c2010
_aNew Delhi
_bWordsworth Classics
300 _a682 : p.
365 _cRS
_b25
999 _c19261
_d19261